|
|
|
|
| LEADER |
00878nam a2200193 i 4500 |
| 001 |
c000027318 |
| 003 |
CARM |
| 005 |
00000000000000.0 |
| 008 |
850329s1924 gw 0 eng d |
| 019 |
1 |
|
|a 9251499
|z 24994293
|5 LACONCORD2021
|
| 035 |
|
|
|a (OCoLC)637602
|5 LACONCORD2021
|
| 245 |
0 |
0 |
|a Immanuel Kant :
|b Festschrift zur zweiten Jahrhundertfeier seines Geburtstages /
|c Hrsg von der Albertus-Universitat in Konigsbert ; [Redaktion Dr. Goedeckemeyer].
|
| 260 |
|
|
|a Leipzig :
|b Dieterich'sche Verlagsbuchhandlung,
|c 1924.
|
| 300 |
|
|
|a 1 v. (various pagings) :
|b illus.
|
| 600 |
1 |
0 |
|a Kant, Immanuel,
|d 1724-1804.
|
| 710 |
2 |
0 |
|a Albertus-Universitat.
|
| 852 |
8 |
|
|b CARM
|h A3:AB01E2
|i D00279
|p 0022604
|f BK
|
| 999 |
f |
f |
|i ac124dd3-09e9-51d7-a3a6-5310bbb8d9d0
|s 0b2402ad-6c76-52d7-bcda-2f8feae350dc
|
| 952 |
f |
f |
|p Can circulate
|a CAVAL
|b CAVAL
|c CAVAL
|d CARM 1 Store
|e D00279
|f A3:AB01E2
|h Other scheme
|i book
|m 0022604
|